Statistics for NBA Players from St. John's

Click here to take the quiz!

General Stats

  • This quiz has been taken 7 times
    (2 since last reset)
  • The average score is 3 of 48

Answer Stats

PositionPlayerDraft Year% Correct
SFChris Mullin1985
100%
FMaurice Harkless2012
50%
PGMark Jackson1987
50%
SFFelipe Lopez1998
50%
SGShamorie Ponds2019
50%
FJaKarr Sampson2014
0%
FJames Scott1995
0%
FWalter Berry1986
0%
FShelton Jones1988
0%
FCJayson Williams1990
0%
GMalik Sealy1992
0%
CRobert Werdann1992
0%
CShawnelle Scott1994
0%
FRoshown McLeod1998
0%
GFD.J. Kennedy2011
0%
SFZendon Hamilton1998
0%
CBill Wennington1985
0%
SFMetta World Peace1999
0%
PGErick Barkley2000
0%
SFLavor Postell2000
0%
PGOmar Cook2001
0%
PGCedric Jackson2009
0%
SGRon Rowan1986
0%
GJack GarfinkelN/A
0%
CHarry Boykoff1947
0%
GDanny Finn1952
0%
GFBob Tough1947
0%
GAndrew Levane1947
0%
GDick McGuire1949
0%
SGMax Zaslofsky1950
0%
SGGerry Calabrese1950
0%
PGAl McGuire1951
0%
GRonnie MacGilvray1952
0%
GJack McMahon1952
0%
FCZeke Zawoluk1952
0%
FRed Davis1954
0%
GKevin Williams1983
0%
GDick Duckett1957
0%
SGKevin Loughery1962
0%
FCLeroy Ellis1962
0%
FSonny Dove1967
0%
GJohn Warren1969
0%
FCBilly Paultz1970
0%
FMel Davis1973
0%
SFEd Searcy1974
0%
FCGeorge Johnson1978
0%
SGReggie Carter1979
0%
PFTariq Owens2019
0%

Score Distribution

Percentile by Number Answered

Percent of People with Each Score

Your Score History

You have not taken this quiz since the last reset